Normal view
MARC view
- العمل والعمال -- قوانين وتشريعات -- الأردن
Entry Topical Term
001 - CONTROL NUMBER
- control field: 21543
003 - CONTROL NUMBER IDENTIFIER
- control field: JO-AjAnu
005 - DATE AND TIME OF LATEST TRANSACTION
- control field: 20230606073730.0
008 - FIXED-LENGTH DATA ELEMENTS
- fixed length control field: 230606|| aca||aabn | a|a d
040 ## - CATALOGING SOURCE
- Original cataloging agency: JO-AjAnu
- Transcribing agency: JO-AjAnu
150 ## - HEADING--TOPICAL TERM
- Topical term or geographic name entry element: العمل والعمال -- قوانين وتشريعات -- الأردن
670 ## - SOURCE DATA FOUND
- Source citation: Work cat.: (JO-AjAnu)11069: اعداد الآغا ، محمد فتحي , author 21542, مجموعة العامل أكبر مجموعة تشريعات عمالية